| 000 | 00656nam a22002057a 4500 | ||
|---|---|---|---|
| 005 | 20250625154207.0 | ||
| 010 | _aENG-145551 | ||
| 020 |
_c799.00 _a9788194807179 |
||
| 035 | _aEN-129083 | ||
| 037 | _bDBAD | ||
| 082 |
_a000 _21 |
||
| 100 |
_aJindal, Munish _982353 |
||
| 245 |
_aPrevious Paper Of Punjab 15 Years/ _cby Munish Jindal |
||
| 250 | _a9 | ||
| 260 |
_aMohali _bMM Writings Publishing House _c2024 |
||
| 270 |
_bMohali _e140308 _aSCO:9, Forst Floor, Sector-80 _mmmwritings@live.com _k9988611299 |
||
| 300 |
_a1220p. _c24cm(pb) |
||
| 500 | _aA Comprehensive Book on General Knowledge of Punjab | ||
| 942 |
_2ddc _cEN _mJIN _h000 |
||
| 999 |
_c211954 _d211954 |
||